000
00220nam a2200109Ia 4500
100
_a
Baura Swati
942
_c
BK
245
_a
Applied Physics-II
260
_b
C.Jamnadas and Co
_c
2014
546
_a
ENGLISH
999
_c
24448
_d
24448